Statistics for FIFA 22 EFL TOTS

Click here to take the quiz!

General Stats

  • This quiz has been taken 31 times
  • The average score is 9 of 18

Answer Stats

ClubPositionRatingAnswer% Correct
FulhamST94Aleksandar Mitrovic
100%
BournemouthST91Dominic Solanke
77%
FulhamRM93Harry Wilson
73%
MK DonsLW92Scott Twine
69%
Sheffield WednesdayCM88Barry Bannan
62%
Nottingham ForestRWB89Djed Spence
62%
PlymouthGK88Michael Cooper
50%
Bristol CityCAM91Andreas Weimann
46%
ReadingCAM90John Swift
46%
NewportST88Dom Telford
42%
CoventryCM74Gustavo Hamer
42%
Sheffield UnitedCAM90Morgan Gibbs-White
42%
QPRST90Chris Willock
35%
WiganCAM89Will Keane
35%
Forest GreenLWB90Nicky Cadden
31%
RotherhamCDM89Daniel Barlaser
27%
NorthamptonCB90Jon Guthrie
27%
LutonCB88Kal Naismith
27%

Score Distribution

Percentile by Number Answered

Percent of People with Each Score

Your Score History

You have not taken this quiz